Xin ke san zhuang yuan ping xuan ming gong si mei shi lin bi du di yi bao : 4 juan /
Saved in:
| Other Authors: | , , , |
|---|---|
| Format: | Book |
| Language: | Chinese |
| Published: |
[China] :
Jinling Wei Qing,
Ming Wanli xin mao [19 nian, 1591]
|
| Series: | Harvard Yenching Library preservation microfilm project ;
00077. Harvard-Yenching Library Chinese Rare Books Digitization Project-Collected Works. |
| Subjects: | |
| Tags: |
Add Tag
No Tags, Be the first to tag this record!
|
| LEADER | 01837cam a2200409ui 4500 | ||
|---|---|---|---|
| 001 | 007778996-2 | ||
| 005 | 20150211095337.0 | ||
| 008 | 980430s1591 cc 000 0 chi d | ||
| 035 | 0 | |a ocn903426153 | |
| 035 | 0 | |a ocm39039856 | |
| 040 | |a *YNH* |c *YNH* |d CStRLIN | ||
| 245 | 0 | 0 | |6 880-01 |a Xin ke san zhuang yuan ping xuan ming gong si mei shi lin bi du di yi bao : |b 4 juan / |c Zhu Guozuo , Tang Wenxian, Jiao Hong tong xuan. |
| 246 | 3 | 0 | |6 880-02 |a Ming gong si mei shi lin bi du di yi bao |
| 260 | |6 880-03 |a [China] : |b Jinling Wei Qing, |c Ming Wanli xin mao [19 nian, 1591] | ||
| 300 | |a 2 v. | ||
| 500 | |6 880-04 |a <> | ||
| 500 | |a Blockprint. | ||
| 500 | |a Double leaves, oriental style, in case. | ||
| 500 | |6 880-05 |a <> | ||
| 650 | 0 | |a Chinese prose literature |y Ming dynasty, 1368-1644. | |
| 700 | 1 | |6 880-06 |a Zhu, Guozuo, |d jin shi 1583. | |
| 700 | 1 | |6 880-07 |a Tang, Wenxian, |d 1548-1605. | |
| 700 | 1 | |6 880-08 |a Jiao, Hong, |d 1541-1620. | |
| 700 | 1 | |6 880-09 |a Wei, Qing. | |
| 880 | 0 | 0 | |6 245-01 |a 新刻三狀元評選名公四美士林必讀第一寶 : |b 4卷 / |c 朱國祚, 唐文獻, 焦竑仝選. |
| 880 | 3 | 0 | |6 246-02 |a 名公四美士林必讀第一寶 |
| 880 | |6 260-03 |a [China] : |b 金陵魏卿, |c 明萬曆辛卯 [19年, 1591] | ||
| 880 | |6 500-04 |a 卷端書名全部題: 新刻三狀元評選名公四美士林必讀第一寶. | ||
| 880 | |6 500-05 |a 十行二十字, 四周雙邊, 白口, 單魚尾, 書眉上刻評, 框高 19.7 x 11.9. | ||
| 880 | 1 | |6 700-06 |a 朱國祚, |d jin shi 1583. | |
| 880 | 1 | |6 700-07 |a 唐文獻, |d 1548-1605. | |
| 880 | 1 | |6 700-08 |a 焦竑, |d 1541-1620. | |
| 880 | 1 | |6 700-09 |a 魏卿. | |
| 830 | 0 | |a Harvard Yenching Library preservation microfilm project ; |5 mmf |v 00077. | |
| 830 | 0 | |a Harvard-Yenching Library Chinese Rare Books Digitization Project-Collected Works. |5 net | |
| 988 | |a 20021121 | ||
| 906 | |0 MH | ||


